| 000 -ლიდერი |
| ფიქსირებული სიგრძის საკონტროლო ველი |
00781nam a22001817a 4500 |
| 003 - საკონტროლო ნომრის იდენტიფიკატორი |
| საკონტროლო ველი |
Ge_BSU |
| 005 - ბოლო ოპერაციის თარიღი და დრო |
| საკონტროლო ველი |
20230525153823.0 |
| 008 - ფიქსირებული სიგრძის მონაცემთა ელემენტები - ზოგადი ინფორმაცია |
| ფიქსირებული სიგრძის საკონტროლო ველი |
230525s1985 ge ||||| |||| 00| 0 geo d |
| 041 ## - ენის კოდი |
| Language code of text/sound track or separate title |
geo |
| 080 ## - უნივერსალური ათობითი კლასიფიკაციის ინდექსი |
| Universal Decimal Classification number |
902.034(263.5) კ-94 |
| 100 ## - მთავარი ჩანაწერი - პიროვნების სახელი |
| Personal name |
კუსტო, ჟაკ-ივ |
| 9 (RLIN) |
18224 |
| 245 ## - ცნობა სათაურის შესახებ |
| Title |
ჩაძირული საგანძური : |
| Remainder of title |
|
| Statement of responsibility, etc |
ჟაკ-ივ კუსტო, ფილიპ დიოლე; თარგმნა მ. გოგიჩაძემ. |
| 264 ## - წარმოების, გამოცემის, დისტრიბუციის და სხვა ცნობები |
| გამოცემის, წარმოების, დისტრიბუციის... ადგილი |
თბილისი : |
| გამოცემის, წარმოების, დისტრიბუციის... სახელწოდება |
საბჭ. საქართველო, |
| გამოცემის, წარმოების, დისტრიბუციის... თარიღი |
1985. |
| 300 ## - ფიზიკური აღწერა |
| Extent |
212გვ. ; |
| Other physical details |
20სმ. |
| 653 ## - INDEX TERM--UNCONTROLLED |
| Uncontrolled term |
წყალქვეშა არქეოლოგია. |
| 700 ## - ADDED ENTRY--PERSONAL NAME |
| Personal name |
დიოლე, ფილიპ |
| Relator term |
ავტორი |
| 9 (RLIN) |
18225 |
| 942 ## - ADDED ENTRY ELEMENTS (KOHA) |
| Source of classification or shelving scheme |
|
| Koha item type |
წიგნი |